|
|
|
|
| LEADER |
00985nam a2200229 a 4500 |
| 001 |
7024 |
| 008 |
130531s1993 nyu b 000 0 eng d |
| 020 |
|
|
|a 1882839048
|
| 040 |
|
|
|a DLC
|c DLC
|d BD-DhAAL.
|
| 082 |
0 |
0 |
|a 362.1
|2 21
|
| 100 |
1 |
|
|a Brown, Lori DiPrete.
|
| 245 |
1 |
0 |
|a Assessing the quality of service :
|b module 6 user's guide /
|c Lori DiPrete Brown.
|
| 260 |
|
|
|a New York;
|a Switzerland :
|b Aga Khan Foundation,
|c 1993.
|
| 300 |
|
|
|a viii, 160 p. :
|b ill.
|c 21 cm.
|
| 490 |
0 |
|
|a Primary health care management advancement programme.
|
| 541 |
|
|
|e 7024
|
| 650 |
|
0 |
|a Primary Health Care.
|
| 710 |
2 |
|
|a Aga Khan Foundation.
|
| 852 |
1 |
|
|a Ayesha Abed Library
|j General shelf.
|
| 999 |
|
|
|c 13526
|d 13526
|
| 952 |
|
|
|0 0
|1 0
|4 0
|6 362_100000000000000_BRO
|7 0
|9 22584
|a BRACUL
|b BRACUL
|c GEN
|d 2013-06-01
|l 0
|o 362.1 BRO
|p 3010007024
|r 2013-06-01
|t 1
|w 2013-06-01
|y BK
|
| 952 |
|
|
|0 0
|1 0
|2 ddc
|4 0
|6 362_100000000000000_BRO
|7 0
|9 23247
|a BRACUL
|b BRACUL
|c GEN
|d 2013-08-27
|l 0
|o 362.1 BRO
|p 3010007022
|r 2013-08-27
|t 2
|w 2013-08-27
|y BK
|